000 00714nam a22001577a 4500
003 OSt
005 20151024150148.0
008 151024b xxu||||| |||| 00| 0 eng d
040 _cRUA
082 _aAVM KAN 2012 B101 Or.1
100 _92805
_aKAN SOVANMONYRATH
245 _aEffect of sulfa-33and tetracycline on coccidia in local calf at dunkeo city, takeo province, (ប្រសិទ្ធភាពនៃ Sulfa-33 និង Tetracyclinie ទៅលើការទម្លាក់Coccida កូនគោពូជក្នុងស្រុក នៅក្រុងដូនកែវ ខេត្តតាកែវ)
260 _aPhnom Penh
_bRua
_c2012
300 _ax; 45p.
_bill.
_c29cm.
942 _2ddc
_cAVM
999 _c2625
_d2625